Sports Co Nombre de Joueurs par équipes - Statistiques

Statistiques générales
  • Ce quiz a été pris 211 fois
  • Le résultat moyen est 7 sur 20
Statistiques - réponses
Hint Réponse % Correct
Football 11
84%
Rugby à XIII 13
77%
Rugby 15
75%
Basket-ball 5
66%
Futsal 5
52%
Volley-ball 6
43%
Handall 7
40%
Beach Soccer 5
34%
Water-polo 7
28%
Hockey sur Glace 6
26%
Quidditch 7
26%
Football Américain 11
24%
Baseball 9
21%
Hockey sur Gazon 11
16%
Football Australien 18
14%
Polo 4
14%
Cricket 11
13%
Kayak-polo 5
12%
Rink Hockey 5
9%
Football Gaélique 15
5%
Aucun quiz correspondant
Distribution des résultats
% des personnes avec chaque résultat
Percentile par nombre de réponses
Votre historique - résultats
Vous n’avez pas pris ce quiz